06山形県の市町村 - Statistics

General Stats
  • This quiz has been taken 110 times
    106 since last reset
  • The average score is 17 of 35
Answer Stats
Answer % Correct
山形市
100%
酒田市
98%
天童市
96%
米沢市
92%
鶴岡市
90%
新庄市
84%
東根市
82%
村山市
74%
上山市
72%
寒河江市
66%
長井市
60%
尾花沢市
60%
南陽市
58%
最上郡最上町
42%
北村山郡大石田町
34%
最上郡真室川町
34%
最上郡鮭川村
34%
東置賜郡高畠町
34%
最上郡大蔵村
32%
最上郡戸沢村
32%
西置賜郡小国町
32%
飽海郡遊佐町
32%
西村山郡河北町
30%
西村山郡大江町
30%
西置賜郡白鷹町
30%
東田川郡庄内町
30%
最上郡舟形町
28%
西村山郡西川町
26%
最上郡金山町
26%
東置賜郡川西町
26%
東田川郡三川町
26%
西置賜郡飯豊町
24%
東村山郡山辺町
22%
西村山郡朝日町
22%
東村山郡中山町
20%
No matching quizzes found
Score Distribution
Percent of People with Each Score
Percentile by Number Answered
Your Score History
You have not taken this quiz since the last reset